000 00710cam a22002054a 4500
005 20250605164030.0
008 250528s ||||||||||||||||||||||||d
035 _a16579
020 _a9602930136
040 _aGR-AtMCL
_bgre
_dGR-AtMCL
_eAACR2
245 1 _aΟμήρου Ηλιάδα.
_nΤόμος Πρώτος Ραψωδίες: Α, Β, Γ, Δ, Ε.
300 _a296
520 _aΑνάλυση με Βάση τη μετάφραση της Ιλιάδας από Ν. Καζαντζάκη - Ι. Θ. Κακριδή.
700 1 _aΜπατζόγλου Αγγ. Β
_92670
700 1 _aΠατάκης Στεφ. Αλ
_92671
942 _cBK
260 _bΠατάκη
999 _c2067
_d2067